000 01043nam a2200277Ia 4500
005 20251020182509.0
008 200515s9999 xx 000 0 und d
082 _a634.085(02)/J89/1986
110 _aJunta del Acuerdo de Cartagena PADT-REFORT
245 0 _aManual de clasificación visual para madera estructural
250 _a2a ed.
260 _aLima
260 _bJunta del Acuerdo de Cartagena PADT-REFORT
260 _c1984
300 _a76 p.
300 _bil., graf., fot., col.
490 _aProyectos Andinos de desarrollo tecnológico en el area de recursos forestales tropicales
500 _a1 ejemplar
520 _aSe encuentra agrupado en tres capítulos. En el primero se describen las características del árbol y la madera para usos estructurales y la terminología forestal utilizada en la regla, el segundo presenta una descripción ilustrada de los defectos agrupados
650 _aCLASIFICACION
650 _aMADERA
650 _aMANUALES
650 _aPUB JUNAC
942 _cLIB
999 _c1379
_d1379